Linia kolejowa nr 351 - posterunki i przystanki - Statystyki

Ogólne statystyki
  • Ten quiz został rozwiązany 23 razy
  • Średni wynik to 21 z 54
Statystyki odpowiedzi
Rodzaj punktu Linie
kolejowe
Nazwa punktu % Poprawnych
Stacja 3, 271351 Poznań Główny
100%
Posterunekodgałęźny 351, 354 Poznań Główny PoD
100%
Stacja 351, 368 Szamotuły
100%
Stacja 203, 351 412 Krzyż
94%
Stacja 351, 381 Wronki
94%
Stacja 202, 351 411 Stargard
89%
Stacja 273, 351406, 408 433 Szczecin Główny
89%
Stacja 351, 395 Kiekrz
83%
Stacja 351, 401 417, 428 Szczecin Dąbie
83%
Stacja 351, 857 Szczecin Dąbie SDA
83%
Stacja 351 Dobiegniew
78%
Stacja 351, 410 Choszczno
72%
Stacja 351, 363 Rokietnica
72%
Przystanek osobowyi posterunek odgałęźny 351 Poznań Wola
61%
Stacja 351 Reptowo
61%
Stacja 351 Dolice
56%
Stacja 206, 351 Drawski Młyn
50%
Przystanek osobowy 351, 428 Szczecin Zdroje
50%
Posterunekodgałęźny 351, 428853 Szczecin Zdroje
50%
Stacja 351 Miały
44%
Przystanek osobowyi posterunek odgałęźny 351 Mokrz
39%
Przystanek osobowy 351 Szczecin Zdunowo
39%
Przystanek osobowy 351 Baborówko
33%
Stacja 351 Kolin
28%
Przystanek osobowy 351 Miedwiecko
28%
Przystanek osobowy 351 Pamiątkowo
28%
Posterunek odgałęźny 351, 855 Regalica
28%
Stacja 351 Słonice
28%
Przystanek osobowy (nieczynny) 351 Strzebielewo
28%
Przystanek osobowy 351 Szczecin Dunikowo
28%
Przystanek osobowy 351 Witkowo
28%
Stacja 351 Bierzwnik
22%
Przystanek osobowy 351 Drawiny
22%
Przystanek osobowy 351 Grzędzice
22%
Przystanek osobowyi posterunek odgałęźny 351 Pęckowo
22%
Stacja 351 Podlesiec
22%
Przystanek osobowyi posterunek odstępowy 351 Rębusz
22%
Przystanek osobowy 351 Stary Klukom
22%
Przystanek osobowy 351 Ziemomyśl
22%
Przystanek osobowy 351 Mierzęcin
17%
Przystanek osobowy 351 Morzyca
17%
Posterunek odgałęźny 351, 432851, 998 Szczecin Wstowo
17%
Posterunek odgałęźny 351, 854 Dziewoklicz
11%
Posterunekodgałęźny (zlikwidowany) 351, 428 Widok
11%
Posterunek odstępowy (zlikwidowany) 351 Głuchowiec
6%
Posterunek odstępowy (zlikwidowany) 351 Gaj
0%
Posterunek odstępowy (zlikwidowany) 351 Jaglisko
0%
Posterunek odstępowy (zlikwidowany) 351 Kijewo
0%
Posterunek odstępowy (zlikwidowany) 351 Krzywołęka
0%
Posterunek odstępowy (zlikwidowany) 351 Lubcz
0%
Posterunek odstępowy (zlikwidowany) 351 Osina
0%
Posterunekodstępowy (zlikwidowany) 351 Przecławek
0%
Posterunek
odstępowy
(zlikwidowany)
351 Samołęż
0%
Posterunek odstępowy (zlikwidowany) 351 Wrzosy
0%
Nie znaleziono quizów pasujących do podanych kryteriów
Rozkład punktacji
Procent ludzi z każdym wynikiem
Percentyl według liczby udzielonych odpowiedzi
Twoja historia wyników
Nie rozwiązałeś tego quizu